000 01474nam a2200385 a 4500
001 000108649
003 CHAP
005 20220329144020.0
008 140228s2012 mx sm |||||||spa d
010 _a105111
011 _a106083
040 _cCHAP
090 _aTesis
100 1 _aMiranda Ángeles, Yolanda Estela
_9125686
245 1 0 _aEntomofauna e identificación de Rhizoctonia solani Kühn en Echeveria gibbiflora D.C., (Crasulacea) en Villa Guerrero, Estado de México
_h[En línea]
_cpor Yolanda Estela Miranda Ángeles.
260 _aChapingo, Méx. :
_bEl autor,
_c2012.
500 _aPara ver el contenido del material haga clic en la liga
502 _aTesis (Ing. Agr. Esp. en Parasitología Agrícola) -- UACH. Departamento de Parasitología Agrícola
590 _aBATCH-UPD
_b05
_c20140324
_lUCH01
_h1536
590 _aBATCH-UPD
_b05
_c20141002
_lUCH01
_h0857
590 _aE6096MTM
_b05
_c20140228
_lUCH01
_h1426
590 _aE6096MTM
_b05
_c20140228
_lUCH01
_h1427
590 _aE6096MTM
_b05
_c20140228
_lUCH01
_h1428
650 1 4 _aAgricultura
_xPlagas.
_91764
650 1 4 _aCrassulaceae.
_928838
650 1 4 _aEcheveria gibbiflora.
_935065
650 1 4 _aInsectos
_xIdentificación.
_958929
650 1 4 _aPlantas e insectos.
_988939
650 1 4 _aPlantas
_xExtinción.
_988836
650 1 4 _aRhizoctonia solani.
_997134
856 _aFinding aid
_uhttp://10.13.5.2/tesis/sist108649.pdf
_zTeclea aquí
901 _aBK
942 _cCD
942 _n0
999 _c105111
_d105111